Fisiología ecológica en plantas: mecanismos y respuestas a estrés en los ecosistemas

Shranjeno v:
Bibliografske podrobnosti
Glavni avtor: Cabrera Arana, Hernán Marino (autor)
Format: Knjiga
Jezik:španščina
Izdano: Valparaíso Ediciones Universitarias de Valparaíso 2004
Teme:
Oznake: Označite
Brez oznak, prvi označite!

MARC

LEADER 00000nam a2200000 a 4500
001 UCH0929
003 CL-VaPUC
008 090402e20040000CL |||||||||||||||||spa|d
020 |a 9561703556 
082 0 4 |a 571.2  |b CAB  |2 21 
100 |a Cabrera Arana, Hernán Marino  |e autor  |9 535302 
245 1 0 |a Fisiología ecológica en plantas: mecanismos y respuestas a estrés en los ecosistemas 
300 |a 285 p 
942 |c BK 
945 |d 20090402 00:00:00  |a rbrito 
260 |a Valparaíso  |b Ediciones Universitarias de Valparaíso  |c 2004 
650 0 |a Fisiología vegetal  |9 260158 
650 7 |a ECOFISIOLOGIA DE LAS PLANTAS  |2 CL-VaPUC  |9 463798 
650 0 |a Ecología vegetal   |9 264247 
650 0 |a Ecosistemas  |9 261477 
650 0 |a Ecofisiología  |9 487982 
583 |a last modification  |c 20140403 07:43:50  |k Rodrigo Vera 
999 |c 333097  |d 333095